000 00319nam a2200133Ia 4500
008 191201s2007 xx 000 0 und d
082 _a658.5
_bAGD
100 _aAGARWAL, D K
245 0 _aDistribution and Logistics Management
260 _aN.Delhi
_bMacmillan
_c2007
300 _a-
650 _aMBA
942 _2ddc
_cBK
999 _c3073
_d3073